[Event "Ulan Bator Mongolia Fed"]
[Site "Ulan Bator"]
[Date "2024.03.24"]
[Round "7"]
[White "Bayarmandakh, Balgan"]
[Black "Sodbilegt, Naranbold"]
[Result "1/2-1/2"]
[WhiteElo "2160"]
[BlackElo "2222"]
[PlyCount "50"]
[EventDate "2024.03.21"]
[EventType "swiss"]
[EventRounds "7"]
[EventCountry "MGL"]
[SourceTitle "CB13_2024"]
[SourceDate "2024.03.27"]
[SourceVersion "1"]
[SourceVersionDate "2024.03.27"]
[SourceQuality "1"]

1. d4 Nf6 2. c4 e6 3. Nf3 Bb4+ 4. Bd2 a5 5. Nc3 b6 6. e3 Bb7 7. Bd3 Bxc3 8. Bxc3 Ne4 9. Rc1 d6 10. 0-0 Nd7 11. Be1 0-0 12. Kh1 e5 13. Ng1 Nef6 14. f3 e4 15. Bc2 exf3 16. gxf3 Nh5 17. d5 f5 18. Ne2 Qe7 19. Nd4 Qxe3 20. Ne6 Rf7 21. Bd2 Qe5 22. Bc3 Qe3 23. Bd2 Qe5 24. Bc3 Qe3 25. Bd2 Qe5 1/2-1/2

[Event "Ulan Bator Mongolia Fed"]
[Site "Ulan Bator"]
[Date "2024.03.24"]
[Round "6"]
[White "Sodbilegt, Naranbold"]
[Black "Galmandakh, Badrakh"]
[Result "1-0"]
[WhiteElo "2222"]
[BlackElo "2219"]
[PlyCount "115"]
[EventDate "2024.03.21"]
[EventType "swiss"]
[EventRounds "7"]
[EventCountry "MGL"]
[SourceTitle "CB13_2024"]
[SourceDate "2024.03.27"]
[SourceVersion "1"]
[SourceVersionDate "2024.03.27"]
[SourceQuality "1"]

1. e4 d6 2. d4 Nf6 3. Nc3 e5 4. Nf3 Nbd7 5. Bc4 Be7 6. 0-0 0-0 7. a4 c6 8. h3 exd4 9. Qxd4 Qb6 10. Be3 Qxd4 11. Bxd4 Re8 12. Ng5 Rf8 13. f4 Ne8 14. Nf3 Nc7 15. g4 b6 16. Bf2 Bb7 17. Rad1 Rad8 18. Bh4 Bxh4 19. Nxh4 Ne8 20. Nf5 Nb8 21. g5 a6 22. b4 b5 23. Bb3 Bc8 24. Ne7+ Kh8 25. f5 f6 26. g6 h6 27. axb5 axb5 28. Ra1 Nc7 29. Nxc8 Rxc8 30. Rfd1 Rfd8 31. Be6 Nd7 32. Rxd6 Nxe6 33. fxe6 Ne5 34. Rxd8+ Rxd8 35. e7 Rg8 36. Ra6 Nxg6 37. Rxc6 Nxe7 38. Rc7 Ng6 39. Nxb5 Rd8 40. Nc3 Rd2 41. Nd5 Ne5 42. Kf1 f5 43. b5 fxe4 44. b6 Nf3 45. Rc3 Rd1+ 46. Kf2 Rb1 47. Rb3 Rxb3 48. cxb3 Ne5 49. b7 Nd7 50. Ne7 g5 51. Nc6 Kg7 52. b8Q Nxb8 53. Nxb8 Kf6 54. Ke3 Kf5 55. Nc6 h5 56. b4 g4 57. hxg4+ hxg4 58. b5 1-0

[Event "Ulan Bator Mongolia Fed"]
[Site "Ulan Bator"]
[Date "2024.03.23"]
[Round "4"]
[White "Sodbilegt, Naranbold"]
[Black "Chinguun, Sumiya"]
[Result "1-0"]
[WhiteElo "2222"]
[BlackElo "2350"]
[PlyCount "37"]
[EventDate "2024.03.21"]
[EventType "swiss"]
[EventRounds "7"]
[EventCountry "MGL"]
[SourceTitle "CB13_2024"]
[SourceDate "2024.03.27"]
[SourceVersion "1"]
[SourceVersionDate "2024.03.27"]
[SourceQuality "1"]

1. e4 c5 2. Nf3 d6 3. d4 cxd4 4. Nxd4 Nf6 5. Nc3 a6 6. Bg5 Nbd7 7. Qe2 Qc7 8. 0-0-0 b5 9. f4 e6 10. g3 Bb7 11. Bg2 b4 12. Nd5 Qa5 13. Nb3 Qd8 14. e5 h6 15. Bh4 Bxd5 16. Bxd5 g5 17. exf6 gxh4 18. Bxe6 fxe6 19. Qh5# 1-0

[Event "Wch U14"]
[Site "Montesilvano"]
[Date "2023.11.15"]
[Round "3"]
[White "Sodbilegt, Naranbold"]
[Black "Ral Lustig, Melvin"]
[Result "1/2-1/2"]
[WhiteElo "2151"]
[BlackElo "1911"]
[PlyCount "92"]
[EventDate "2023.11.13"]
[EventType "swiss"]
[EventRounds "11"]
[EventCountry "ITA"]
[SourceTitle "CB48_2023"]
[SourceDate "2023.11.29"]
[SourceVersion "1"]
[SourceVersionDate "2023.11.29"]
[SourceQuality "1"]

1. e4 c5 2. Nf3 d6 3. d4 cxd4 4. Nxd4 Nf6 5. Nc3 a6 6. Be3 Nc6 7. f3 Nxd4 8. Qxd4 e5 9. Qd2 Be6 10. 0-0-0 Be7 11. g4 0-0 12. Rg1 b5 13. g5 Nd7 14. Nd5 Bxd5 15. exd5 Qc7 16. h4 Nb6 17. h5 Nc4 18. Bxc4 Qxc4 19. b3 Qc7 20. f4 Rac8 21. f5 Qc3 22. Qxc3 Rxc3 23. Rd3 Rxd3 24. cxd3 Rc8+ 25. Kb2 Bd8 26. b4 Kf8 27. a4 e4 28. axb5 axb5 29. d4 Rc4 30. Kb3 Bb6 31. Rd1 Ke7 32. Bf2 Kd7 33. Bg1 Bd8 34. Be3 Bb6 35. g6 fxg6 36. fxg6 hxg6 37. hxg6 Ke8 38. Bf2 Ke7 39. Re1 Kf6 40. Rxe4 Kxg6 41. Re6+ Kf5 42. Rxd6 Bxd4 43. Bxd4 Rxd4 44. Kc3 Rc4+ 45. Kb3 Rd4 46. Kc3 Rc4+ 1/2-1/2

[Event "World Amateur-ch U2300"]
[Site "Muscat"]
[Date "2023.11.07"]
[Round "6"]
[White "Anadkat, Kartavya"]
[Black "Sodbilegt, Naranbold"]
[Result "1-0"]
[WhiteElo "2147"]
[BlackElo "2151"]
[PlyCount "59"]
[EventDate "2023.11.02"]
[EventType "swiss"]
[EventRounds "9"]
[EventCountry "OMN"]
[SourceTitle "CB46_2023"]
[SourceDate "2023.11.15"]
[SourceVersion "1"]
[SourceVersionDate "2023.11.15"]
[SourceQuality "1"]

1. e4 c5 2. Nf3 Nc6 3. d4 cxd4 4. Nxd4 Nf6 5. Nc3 d6 6. Bg5 e6 7. Bb5 Bd7 8. Qd3 h6 9. Bh4 a6 10. Bxc6 bxc6 11. 0-0-0 Be7 12. f4 d5 13. e5 Ng8 14. Bxe7 Nxe7 15. Nb3 0-0 16. Na4 Rb8 17. Qc3 Bc8 18. Nac5 Qb6 19. g4 Ng6 20. Rhf1 Qd8 21. Nd4 Qh4 22. h3 Rb6 23. Rde1 Re8 24. Kb1 Kh7 25. a3 h5 26. Nf3 Qe7 27. Ng5+ Kg8 28. gxh5 Nxf4 29. h4 Rb5 30. Rxf4 1-0

[Event "World School-ch U15"]
[Site "Rhodes"]
[Date "2023.04.19"]
[Round "6"]
[White "Sodbilegt, Naranbold"]
[Black "Kiladze, Luka"]
[Result "0-1"]
[WhiteElo "2178"]
[BlackElo "2010"]
[PlyCount "118"]
[EventDate "2023.04.14"]
[EventType "swiss"]
[EventRounds "9"]
[EventCountry "GRE"]
[SourceTitle "EXT 2024"]
[Source "ChessBase"]
[SourceDate "2023.10.10"]
[SourceVersion "1"]
[SourceVersionDate "2023.10.10"]
[SourceQuality "1"]

1. e4 c5 2. Nf3 Nc6 3. d4 cxd4 4. Nxd4 g6 5. Nc3 Bg7 6. Be3 Nf6 7. f3 0-0 8. Qd2 d5 9. 0-0-0 dxe4 10. fxe4 Ng4 11. Nxc6 Qxd2+ 12. Bxd2 bxc6 13. Re1 Be6 14. h3 Nf2 15. Rh2 Be5 16. g3 Bxg3 17. Rg2 Bh4 18. Re2 Nh1 19. Be1 Bxe1 20. Rxe1 Bxh3 21. Rh2 Bxf1 22. Rxf1 Ng3 23. Rg1 Nxe4 24. Nxe4 Kg7 25. Kd2 h6 26. c4 Rad8+ 27. Kc3 e5 28. c5 Rd5 29. b4 f5 30. Nd6 e4 31. Rgh1 h5 32. Rg1 Kf6 33. Kc4 Re5 34. Kd4 Rd5+ 35. Kc4 Re5 36. b5 cxb5+ 37. Kd4 Re7 38. Rhg2 Rg8 39. c6 e3 40. Rc2 Rd8 41. Kc5 Re5+ 42. Kb4 Rxd6 43. c7 Rd4+ 44. Ka3 Re8 45. c8Q Rxc8 46. Rxc8 f4 47. Kb3 Kf5 48. Re8 b4 49. Rf8+ Ke4 50. Rxg6 e2 51. Re6+ Kf3 52. Kc2 Kf2 53. Rfe8 f3 54. R6e7 Rd1 55. Rxa7 e1Q 56. Rxe1 Rxe1 57. Rh7 Re5 58. Kd2 Rd5+ 59. Kc2 Kf1 0-1

[Event "World School-ch U15"]
[Site "Rhodes"]
[Date "2023.04.15"]
[Round "2"]
[White "Sodbilegt, Naranbold"]
[Black "Rustamov, Rustam"]
[Result "1/2-1/2"]
[WhiteElo "2178"]
[BlackElo "1969"]
[PlyCount "146"]
[EventDate "2023.04.14"]
[EventType "swiss"]
[EventRounds "9"]
[EventCountry "GRE"]
[SourceTitle "EXT 2024"]
[Source "ChessBase"]
[SourceDate "2023.10.10"]
[SourceVersion "1"]
[SourceVersionDate "2023.10.10"]
[SourceQuality "1"]

1. e4 c5 2. Nf3 d6 3. d4 cxd4 4. Nxd4 Nf6 5. Nc3 e5 6. Bb5+ Nbd7 7. Nf5 a6 8. Bxd7+ Qxd7 9. Bg5 Nxe4 10. Nxg7+ Bxg7 11. Nxe4 0-0 12. Qxd6 f6 13. Qxd7 Bxd7 14. Be3 Bc6 15. Nc5 f5 16. Ne6 Rf6 17. Nxg7 Kxg7 18. f4 Re6 19. fxe5 Rxe5 20. Kf2 Kf7 21. Rhe1 Rae8 22. g3 R8e6 23. Rad1 Re8 24. Rd4 Re4 25. Rd3 R4e6 26. Rd4 Re4 27. Rxe4 Bxe4 28. c3 Rd8 29. Bd4 h5 30. Ke3 b5 31. Kf4 Rd7 32. Kg5 Ke6 33. Re2 Kd5 34. Rf2 Rh7 35. Rf4 b4 36. Rh4 bxc3 37. Bxc3 Bf3 38. Kxf5 Re7 39. Ra4 Bg4+ 40. Kg5 Re6 41. h3 Bxh3 42. Kxh5 Bf1 43. g4 Be2 44. Rf4 Re4 45. Rxe4 Kxe4 46. Kh4 Kf3 47. g5 Bc4 48. a3 Bf7 49. b4 Be8 50. Kh3 Bf7 51. Kh2 Bg6 52. Kg1 Bd3 53. Bf6 Kg3 54. a4 Kf3 55. Kh2 Kf4 56. Be7 Kf5 57. Kg3 Ke6 58. Bf8 Bc2 59. b5 a5 60. b6 Kd7 61. Bg7 Kc6 62. Bd4 Bxa4 63. Kf4 Bb3 64. Ke3 a4 65. Kd3 a3 66. Kc3 Bd5 67. Kb4 a2 68. Ka5 Kb7 69. g6 Be4 70. g7 Bd5 71. Kb5 Bg8 72. Kc5 Bf7 73. Ba1 Bg8 1/2-1/2

[Event "Ulaanbaatar Mica op 2nd"]
[Site "Ulaanbaatar"]
[Date "2022.03.26"]
[Round "6"]
[White "Sodbilegt, Naranbold"]
[Black "Danzanjunai, Ganbat"]
[Result "1-0"]
[WhiteElo "1744"]
[BlackElo "1578"]
[PlyCount "67"]
[EventDate "2022.03.23"]
[EventType "swiss"]
[EventRounds "9"]
[EventCountry "MGL"]
[SourceTitle "CBM 207 Extra"]
[Source "ChessBase"]
[SourceDate "2022.05.31"]
[SourceVersion "1"]
[SourceVersionDate "2022.05.31"]
[SourceQuality "1"]

1. e4 c6 2. d4 d5 3. exd5 cxd5 4. Bd3 Nc6 5. c3 Nf6 6. Bf4 Bg4 7. Qb3 Qd7 8. Nd2 e6 9. Ngf3 a6 10. 0-0 Be7 11. Ne5 Nxe5 12. dxe5 Ng8 13. c4 Bc5 14. Rac1 Rc8 15. h3 Bh5 16. cxd5 exd5 17. Rc2 Ne7 18. Rfc1 Ba7 19. Rxc8+ Nxc8 20. e6 Qxe6 21. Qa4+ b5 22. Bxb5+ axb5 23. Qxb5+ Kd8 24. Qb7 Qd7 25. Bc7+ Ke7 26. Re1+ Kf6 27. Be5+ Ke7 28. Bxg7+ Kd6 29. Be5+ Ke7 30. Bxh8+ Kd6 31. Be5+ Ke7 32. Bf4+ Kd8 33. Bg5+ f6 34. Bxf6+ 1-0

[Event "Ulaanbaatar Mica op 2nd"]
[Site "Ulaanbaatar"]
[Date "2022.03.23"]
[Round "2"]
[White "Sodbilegt, Naranbold"]
[Black "Khulan, Bayarsaikhan"]
[Result "1-0"]
[WhiteElo "1744"]
[BlackElo "1348"]
[PlyCount "169"]
[EventDate "2022.03.23"]
[EventType "swiss"]
[EventRounds "9"]
[EventCountry "MGL"]
[SourceTitle "CBM 207 Extra"]
[Source "ChessBase"]
[SourceDate "2022.05.31"]
[SourceVersion "1"]
[SourceVersionDate "2022.05.31"]
[SourceQuality "1"]

1. e4 d6 2. d4 Nf6 3. Nc3 e5 4. Nf3 exd4 5. Nxd4 Be7 6. f3 0-0 7. Be3 Bd7 8. Qd2 Nc6 9. 0-0-0 Ne5 10. f4 Neg4 11. Bg1 Nh5 12. Kb1 g6 13. Be2 Re8 14. Bf3 Bf8 15. h3 Ngf6 16. Bf2 Ng7 17. g4 h5 18. f5 a6 19. Bh4 Nxe4 20. Bxd8 Nxd2+ 21. Rxd2 Rexd8 22. Bxb7 Ra7 23. Be4 c5 24. Nf3 gxf5 25. gxf5 Bxf5 26. Bxf5 Nxf5 27. Rg1+ Bg7 28. Rg5 Rb7 29. Rdg2 Kf8 30. Nd1 Nd4 31. Rxg7 Nxf3 32. Ne3 Rdb8 33. b3 Ne5 34. Nf5 Ng6 35. Rh7 h4 36. Nxd6 Kg8 37. Nxb7 Kxh7 38. Nxc5 a5 39. c4 Re8 40. Nb7 Re3 41. Nxa5 Rxh3 42. c5 Rg3 43. Rh2 h3 44. Rh1 f5 45. c6 f4 46. c7 Ne7 47. Nc4 Nc8 48. Kc2 Kg6 49. a4 f3 50. Ne3 f2 51. Kd2 Kg5 52. Ke2 Kf4 53. Nd5+ Kg4 54. b4 Rg1 55. Ne3+ Kh4 56. Rh2 Rc1 57. Rxf2 Rxc7 58. Rf4+ Kh5 59. Rf8 Kg5 60. Rg8+ Kh5 61. Rh8+ Kg5 62. Rxh3 Nd6 63. Rg3+ Kh5 64. Kd3 Rd7 65. Rh3+ Kg5 66. Nc4 Nf5+ 67. Kc3 Rc7 68. Rd3 Ne7 69. b5 Kf6 70. Kb4 Ke6 71. Rd6+ Kf7 72. b6 Rb7 73. a5 Nc8 74. Kb5 Ke7 75. Rh6 Rd7 76. Rh7+ Kd8 77. Rxd7+ Kxd7 78. b7 Na7+ 79. Kb6 Nc8+ 80. bxc8Q+ Kxc8 81. a6 Kb8 82. Nd6 Ka8 83. Nb5 Kb8 84. a7+ Kc8 85. a8Q+ 1-0

[Event "Wch U10"]
[Site "Weifang"]
[Date "2019.08.31"]
[Round "10"]
[White "Vetokhin, Savva"]
[Black "Sodbilegt, Naranbold"]
[Result "1-0"]
[WhiteElo "2016"]
[BlackElo "1458"]
[PlyCount "53"]
[EventDate "2019.08.21"]
[EventType "swiss"]
[EventRounds "11"]
[EventCountry "CHN"]
[SourceTitle "EXT 2020"]
[Source "ChessBase"]
[SourceDate "2019.10.17"]
[SourceVersion "1"]
[SourceVersionDate "2019.10.17"]
[SourceQuality "1"]

1. e4 c5 2. Nf3 d6 3. Bb5+ Bd7 4. Bxd7+ Qxd7 5. 0-0 Nc6 6. c3 Nf6 7. Qe2 e6 8. d4 cxd4 9. cxd4 Be7 10. Nc3 0-0 11. h3 Rac8 12. Bf4 d5 13. e5 Ne8 14. h4 a6 15. h5 h6 16. Rac1 b5 17. Nd1 Nc7 18. Ne3 b4 19. Ng4 Nb5 20. Qe3 Qa7 21. Rcd1 Qb6 22. Bxh6 gxh6 23. Qxh6 f5 24. exf6 Bxf6 25. Nxf6+ Kf7 26. Ng5+ Ke7 27. Qg7+ 1-0

[Event "Wch U10"]
[Site "Weifang"]
[Date "2019.08.29"]
[Round "8"]
[White "Efimov, Leonid"]
[Black "Sodbilegt, Naranbold"]
[Result "0-1"]
[WhiteElo "1773"]
[BlackElo "1458"]
[PlyCount "116"]
[EventDate "2019.08.21"]
[EventType "swiss"]
[EventRounds "11"]
[EventCountry "CHN"]
[SourceTitle "EXT 2020"]
[Source "ChessBase"]
[SourceDate "2019.10.17"]
[SourceVersion "1"]
[SourceVersionDate "2019.10.17"]
[SourceQuality "1"]

1. Nf3 Nf6 2. g3 e6 3. Bg2 c5 4. 0-0 d5 5. c4 d4 6. e3 Nc6 7. exd4 cxd4 8. d3 Bd6 9. Re1 0-0 10. Bg5 h6 11. Bxf6 Qxf6 12. Nbd2 e5 13. Ne4 Qd8 14. Nxd6 Qxd6 15. b4 Nxb4 16. Rxe5 Bg4 17. Re4 f5 18. Re1 f4 19. Re4 Rae8 20. Rxe8 Rxe8 21. Qb3 Kh8 22. Rb1 a5 23. a3 fxg3 24. hxg3 Bxf3 25. Bxf3 Qf6 26. Be4 Rf8 27. Rf1 Na6 28. Qxb7 Nc5 29. Qd5 Nb3 30. f4 Nd2 31. Rf2 Rd8 32. Qf5 Nxe4 33. Qxe4 Rb8 34. Kg2 Rb3 35. a4 Rb8 36. Qe5 Qc6+ 37. Qe4 Qxe4+ 38. dxe4 Rb4 39. c5 Rxa4 40. c6 Rc4 41. Rd2 a4 42. c7 Rxc7 43. Rxd4 Ra7 44. Rd2 a3 45. Ra2 g6 46. Kf3 Kg7 47. Ke3 Ra4 48. Kf3 Kf6 49. Ke3 Ke6 50. Kd3 Kd6 51. g4 g5 52. fxg5 hxg5 53. Ke3 Kc5 54. Kd3 Kb4 55. Kc2 Kc4 56. e5 Kd5 57. Kb3 Rxg4 58. Rxa3 Rg3+ 0-1

[Event "Wch U08"]
[Site "Pocos de Caldas"]
[Date "2017.08.28"]
[Round "8"]
[White "Vetokhin, Savva"]
[Black "Sodbilegt, Naranbold"]
[Result "1-0"]
[WhiteElo "1757"]
[BlackElo "1505"]
[PlyCount "35"]
[EventDate "2017.08.22"]
[EventType "swiss"]
[EventRounds "11"]
[EventCountry "BRA"]
[SourceTitle "CBM 180 Extra"]
[Source "ChessBase"]
[SourceDate "2017.10.06"]
[SourceVersion "1"]
[SourceVersionDate "2017.10.06"]
[SourceQuality "1"]

1. e4 c5 2. c3 Nf6 3. e5 Nd5 4. Bc4 Nb6 5. Bb3 d6 6. exd6 Qxd6 7. Nf3 Bg4 8. Bxf7+ Kxf7 9. Ng5+ Ke8 10. Qxg4 N8d7 11. 0-0 Ne5 12. Qe6 h6 13. Re1 Qxe6 14. Nxe6 Nd3 15. Re3 Nxc1 16. Nc7+ Kd7 17. Nxa8 Nxa2 18. Rxa2 1-0

[Event "Wch U08"]
[Site "Pocos de Caldas"]
[Date "2017.08.25"]
[Round "5"]
[White "Sodbilegt, Naranbold"]
[Black "Lopez Rayo, Santiago"]
[Result "0-1"]
[WhiteElo "1505"]
[BlackElo "1566"]
[PlyCount "72"]
[EventDate "2017.08.22"]
[EventType "swiss"]
[EventRounds "11"]
[EventCountry "BRA"]
[SourceTitle "CBM 180 Extra"]
[Source "ChessBase"]
[SourceDate "2017.10.06"]
[SourceVersion "1"]
[SourceVersionDate "2017.10.06"]
[SourceQuality "1"]

1. e4 c5 2. c3 d5 3. exd5 Qxd5 4. d4 Nc6 5. Nf3 Bf5 6. Be2 cxd4 7. cxd4 Bxb1 8. Rxb1 e6 9. 0-0 Nf6 10. Be3 Bd6 11. a3 0-0 12. Rc1 Bc7 13. b4 Qd6 14. b5 Ne7 15. Ne5 Nfd5 16. Qb3 f6 17. Nf3 Nf5 18. Rc2 g5 19. g3 h5 20. Bc4 h4 21. Bxd5 exd5 22. Qd3 Nxe3 23. Qg6+ Kh8 24. Qh6+ Kg8 25. fxe3 Qe7 26. gxh4 Qxe3+ 27. Kg2 Rf7 28. hxg5 Rh7 29. Qg6+ Rg7 30. Qxf6 Rf8 31. Re1 Qd3 32. Qe6+ Kh8 33. Rce2 Qh7 34. Qxd5 Qh5 35. Qe6 Rxg5+ 36. Nxg5 Qxh2# 0-1